00814 2200313 4500001002100000005001500021035002000036007000300056040001700059100003000076245003500106250001200141300003200153020001800185041000800203082001100211084001700222090001900239264003700258336002100295337003000316338002300346650001200369850001000381008004100391500002000432990002400452990002400476INLIS00000000000632420260418080202 a0010-0322000568ta aSBPUPADbInd1 aPyne,Stephen jePengarang1 aTending Fire /cPyne,Stephen j a.-cet.1 a239 hlm. :billus. ;c23 cm a1-55963-565-7 aInd a363.37 a363.37 PYN t a368 MAN a 13-4 a.--London :bIsland Press,c2010 2rdacontentaTeks 2rdamediaaTanpa Perantara 2rdacarrieravolume 4aEnglish aPUPAD260418 0  aIndeks ,Hlm 225 a202/S/KAPD/PDG/2012 a201/S/KAPD/PDG/2012